|
|
|
|
| LEADER |
00000cam a2200000 7i4500 |
| 001 |
0000001748 |
| 005 |
20030612.0 |
| 020 |
0 |
0 |
|a 9678911191
|
| 090 |
0 |
0 |
|a 346.04675595
|b NAT (2001)
|
| 245 |
0 |
0 |
|a NATIONAL Foresty Act 1984 (Act 313)
|
| 260 |
0 |
0 |
|a Kuala Lumpur :
|b International Law Book Services ,
|c (2001)
|
| 300 |
|
|
|a 88 p. ;
|c 24 cm.
|
| 440 |
0 |
0 |
|a Laws of Malaysia
|
| 650 |
0 |
0 |
|a Forestry law and legislation
|z Malaysia
|
| 710 |
1 |
1 |
|a MALAYSIA ,
|c Forestry Department Peninsular Malaysia
|
| 998 |
|
|
|a JPSM
|
| 999 |
|
|
|a 0000002716
|b Monograph
|c Acts
|e Default branch
|
| 999 |
|
|
|a 0000002717
|b Monograph
|c Acts
|e Default branch
|
| 999 |
|
|
|a 0000002718
|b Monograph
|c Acts
|e Default branch
|
| 999 |
|
|
|a 0000002719
|b Monograph
|c Acts
|e Default branch
|